[Event "Open Est 2013-2014"]
[Site "Salle Lakanal Aubagne"]
[Date "2013.11.30"]
[Round "3.40"]
[White "Herbulot, Thomas"]
[Black "Bodart, Thomas"]
[Result "0-1"]
[WhiteElo "1009"]
[BlackElo "1250"]
[PlyCount "56"]
[EventDate "2013.??.??"]

1. e4 e5 2. Nf3 Nc6 3. Bc4 Bc5 4. c3 Bb6 5. O-O Nf6 6. d3 d5 7. Bb3 dxe4 8.
dxe4 Bd7 9. Re1 Nh5 10. Nbd2 Qf6 11. Nc4 Bg4 12. Bg5 Qg6 13. Nxb6 cxb6 14. Bh4
h6 15. Re3 Bh3 16. g3 O-O 17. Qe2 Rad8 18. Rd1 Nf4 19. Qe1 Ng2 20. Qe2 Nxe3 21.
Rxd8 Qxe4 22. Rxf8+ Kxf8 23. Ne1 g5 24. f3 Nd4 25. Qf2 Nxf3+ 26. Nxf3 gxh4 27.
Nxh4 Qb1+ 28. Bd1 Qxd1+ 0-1

[Event "Open Est 2013-2014"]
[Site "Salle Lakanal Aubagne"]
[Date "2013.11.30"]
[Round "3.41"]
[White "Sid, Alexander"]
[Black "Pegon, Claude"]
[Result "0-1"]
[WhiteElo "1009"]
[BlackElo "1250"]
[PlyCount "62"]
[EventDate "2013.??.??"]

1. e4 g6 2. Nf3 Bg7 3. Bc4 Nf6 4. O-O O-O 5. d3 d6 6. Bg5 Bd7 7. Nc3 c6 8. Qe2
Na6 9. Bxa6 bxa6 10. Bxf6 Bxf6 11. Qe3 c5 12. Qh6 Bg7 13. Qe3 Rb8 14. b3 Bxc3
15. Rab1 a5 16. Ng5 f6 17. Nf3 a4 18. Nh4 axb3 19. axb3 a5 20. Qh6 Be8 21. f4
e5 22. g4 f5 23. Nf3 a4 24. bxa4 Bxa4 25. h3 Bxc2 26. Rxb8 Qxb8 27. Rc1 Qb2 28.
Rxc2 Qxc2 29. h4 fxg4 30. Nh2 Bd4+ 31. Kf1 Qf2# 0-1

[Event "Open Est 2013-2014"]
[Site "Salle Lakanal Aubagne"]
[Date "2013.11.30"]
[Round "3.42"]
[White "Graccione, Angele"]
[Black "Gianfranceschi, Gerard"]
[Result "1-0"]
[WhiteElo "1020"]
[BlackElo "1010"]
[PlyCount "45"]
[EventDate "2013.??.??"]

1. e4 Nf6 2. Nc3 e6 3. d4 d5 4. f4 dxe4 5. Be3 Nd5 6. Qd2 Nxe3 7. Qxe3 f5 8.
O-O-O b6 9. Bc4 c5 10. d5 Qe7 11. g4 Bb7 12. Bb3 b5 13. a3 c4 14. d6 Qd8 15.
Ba2 Nd7 16. gxf5 exf5 17. Qd4 Nf6 18. Qe5+ Kd7 19. Qxf5+ Kc6 20. Nge2 Bc8 21.
Nd4+ Kb7 22. Ne6 Ka6 23. Qxb5# 1-0

[Event "Open Est 2013-2014"]
[Site "Salle Lakanal Aubagne"]
[Date "2013.12.??"]
[Round "4.1"]
[White "Crapon, Laurent"]
[Black "Derige Kane, Yan"]
[Result "1/2-1/2"]
[WhiteElo "1794"]
[BlackElo "1653"]
[PlyCount "106"]
[EventDate "2013.??.??"]

1. d4 d5 2. Nf3 Nf6 3. Bf4 e6 4. e3 Be7 5. Be2 O-O 6. O-O b6 7. c4 dxc4 8. Bxc4
Bb7 9. Nbd2 Nbd7 10. Rc1 c5 11. dxc5 Nxc5 12. Qe2 Nd5 13. Bg3 Nb4 14. Rfd1 Ncd3
15. Bxd3 Qxd3 16. Qxd3 Nxd3 17. Rc7 Bxf3 18. Nxf3 Nxb2 19. Rd2 Bf6 20. h3 Na4
21. Be5 Bxe5 22. Nxe5 Nc5 23. Kf1 f6 24. Nc6 Rf7 25. Rxf7 Kxf7 26. Ke2 f5 27.
f3 Kf6 28. h4 a6 29. Rb2 Na4 30. Rd2 b5 31. f4 Nc3+ 32. Kf3 Nd5 33. Rd3 Rc8 34.
Nd4 b4 35. a3 a5 36. axb4 axb4 37. Ke2 Rc3 38. g3 Rxd3 39. Kxd3 g6 40. e4 fxe4+
41. Kxe4 h5 42. Nb3 Nc3+ 43. Kf3 e5 44. fxe5+ Kxe5 45. Na5 Nd5 46. g4 Kd4 47.
gxh5 gxh5 48. Nc6+ Kc5 49. Nxb4 Kxb4 50. Ke4 Kc5 51. Kf5 Kd6 52. Kg5 Ke6 53.
Kxh5 Kf6 1/2-1/2

[Event "Open Est 2013-2014"]
[Site "Salle Lakanal Aubagne"]
[Date "2013.12.21"]
[Round "4.4"]
[White "Velut, Pierre-Marie"]
[Black "Salvi, Michel"]
[Result "0-1"]
[WhiteElo "1570"]
[BlackElo "1674"]
[PlyCount "52"]
[EventDate "2013.??.??"]

1. d4 Nf6 2. c4 e6 3. Nf3 d5 4. cxd5 exd5 5. Nc3 c6 6. a3 Be7 7. Bg5 h6 8. Bh4
Bf5 9. e3 O-O 10. Bd3 Ne4 11. Bxe7 Qxe7 12. O-O Nd7 13. Qc2 Rac8 14. Rfc1 Rfe8
15. Nxd5 cxd5 16. Qxc8 Rxc8 17. Rxc8+ Nf8 18. Rc2 Ng5 19. Bxf5 Nxf3+ 20. gxf3
Qg5+ 21. Kh1 Qxf5 22. Rc7 Qxf3+ 23. Kg1 Ne6 24. Rc3 Ng5 25. Rc2 Nh3+ 26. Kf1
Nxf2 0-1

[Event "Open Est 2013-2014"]
[Site "Salle Lakanal Aubagne"]
[Date "2013.12.21"]
[Round "4.6"]
[White "Vialette, Eric"]
[Black "Pouliquen, Gilbert"]
[Result "1-0"]
[WhiteElo "1684"]
[BlackElo "1290"]
[PlyCount "61"]
[EventDate "2013.??.??"]

1. e4 c6 2. Nc3 d5 3. Nf3 Bg4 4. h3 Bxf3 5. Qxf3 Nf6 6. e5 d4 7. Ne4 Nxe4 8.
Qxe4 e6 9. b3 Bc5 10. Be2 O-O 11. O-O f5 12. Qd3 Qd5 13. f4 Bb6 14. Bf3 Qb5 15.
Qxb5 cxb5 16. Bxb7 d3+ 17. Kh2 Nd7 18. Bxa8 Rxa8 19. cxd3 Nc5 20. Ba3 Nxd3 21.
Rf3 Rd8 22. Bd6 Nb2 23. Rc1 a5 24. Rfc3 Kf7 25. Rc8 Nd3 26. Rxd8 Bxd8 27. Rc8
Bh4 28. g3 Be7 29. Rc7 Nb4 30. Rxe7+ Kg6 31. Bxb4 1-0

[Event "Open Est 2013-2014"]
[Site "Salle Lakanal Aubagne"]
[Date "2013.12.21"]
[Round "4.7"]
[White "Benezra, David"]
[Black "Alquier, Matthieu"]
[Result "1-0"]
[WhiteElo "1386"]
[BlackElo "1599"]
[PlyCount "55"]
[EventDate "2013.??.??"]

1. e4 b6 2. d4 Bb7 3. Bd3 f5 4. f3 fxe4 5. fxe4 Nf6 6. Nc3 e6 7. Nge2 d5 8. e5
Nfd7 9. O-O c5 10. Nf4 Qe7 11. Qh5+ Kd8 12. Ng6 Qe8 13. Bg5+ Kc8 14. Qh4 c4 15.
Nxh8 cxd3 16. cxd3 h6 17. Rxf8 Qxf8 18. Ng6 Qf5 19. Ne7+ Kc7 20. Nxf5 hxg5 21.
Qxg5 exf5 22. Qxg7 Nc6 23. e6 Nb4 24. Qxd7+ Kb8 25. Nb5 Na6 26. e7 Bc8 27. e8=Q
Nc7 28. Qxc7# 1-0

[Event "Open Est 2013-2014"]
[Site "Salle Lakanal Aubagne"]
[Date "2013.12.21"]
[Round "4.8"]
[White "Strate, Francois"]
[Black "Cavanihac, Claude"]
[Result "0-1"]
[WhiteElo "1374"]
[BlackElo "1569"]
[PlyCount "72"]
[EventDate "2013.??.??"]

1. d4 Nf6 2. Nf3 d5 3. e3 e6 4. Bd3 Bd6 5. Nbd2 Nbd7 6. b3 O-O 7. Bb2 c6 8. O-O
Ne8 9. c4 f5 10. Ne5 Ndf6 11. f4 Ne4 12. Nxe4 fxe4 13. Be2 Qh4 14. Bc3 c5 15.
cxd5 cxd4 16. Bxd4 exd5 17. Rc1 Be6 18. a3 Rf6 19. Ng4 Bxg4 20. Bxf6 Nxf6 21.
Rc2 Bd7 22. Qe1 Qxe1 23. Rxe1 Bxa3 24. Rc7 b6 25. h3 Bc5 26. Ba6 Kf8 27. Kf2
Ke7 28. Bb5 Kd8 29. Rxd7+ Nxd7 30. Rd1 Nf6 31. g4 a6 32. Ra1 Ke7 33. Be2 d4 34.
Kg3 d3 35. Bd1 Bxe3 36. b4 Nd5 0-1

[Event "Open Est 2013-2014"]
[Site "Salle Lakanal Aubagne"]
[Date "2013.12.21"]
[Round "4.9"]
[White "Batalov, Azat"]
[Black "Telouk, Olivier"]
[Result "0-1"]
[WhiteElo "1370"]
[BlackElo "1569"]
[PlyCount "106"]
[EventDate "2013.??.??"]

1. c4 e6 2. Nc3 Nf6 3. e4 Bb4 4. d3 O-O 5. g3 d5 6. Bd2 dxc4 7. dxc4 Bxc3 8.
Bxc3 Nxe4 9. Be5 c6 10. Bg2 Nc5 11. Bd6 Qa5+ 12. Ke2 Rd8 13. a3 Qa6 14. Rc1 Qa4
15. Nf3 Qxd1+ 16. Rhxd1 Ncd7 17. Rc2 Nf6 18. Ne5 Na6 19. Rcd2 h6 20. Be7 Rxd2+
21. Rxd2 Nc7 22. Bxf6 gxf6 23. Rd8+ Kg7 24. Nd3 e5 25. Be4 Bg4+ 26. f3 Bxf3+
27. Kxf3 Rxd8 28. Nc5 b6 29. Nb7 Rd2 30. Bxc6 Rxb2 31. h4 Rb3+ 32. Kg4 Rxa3 33.
Nd6 Rc3 34. Nf5+ Kh8 35. Nxh6 Rxc4+ 36. Kf5 Rxc6 37. Nxf7+ Kg7 38. Nd8 Rd6 39.
Nb7 Rd7 40. g4 Ne8 41. g5 fxg5 42. Kxg5 Rxb7 43. h5 Kh7 44. Kf5 a5 45. Kxe5 a4
46. Kd4 Kh6 47. Kc3 b5 48. Kb4 Kxh5 49. Ka3 Ra7 50. Ka2 b4 51. Ka1 a3 52. Ka2
b3+ 53. Ka1 Rf7 0-1

[Event "Open Est 2013-2014"]
[Site "Salle Lakanal Aubagne"]
[Date "2013.12.21"]
[Round "4.13"]
[White "Bauden, Thomas"]
[Black "Benezra, Esther"]
[Result "0-1"]
[WhiteElo "1220"]
[BlackElo "1463"]
[PlyCount "26"]
[EventDate "2013.??.??"]

1. d4 d5 2. e3 Nf6 3. Bd3 e6 4. Nf3 c5 5. O-O Bd6 6. Bd2 O-O 7. Nc3 a6 8. Re1
Qc7 9. e4 Bf4 10. Bxf4 Qxf4 11. g3 Qc7 12. e5 Ne8 13. Ne2 c4 0-1

[Event "Open Est 2013-2014"]
[Site "Salle Lakanal Aubagne"]
[Date "2013.12.21"]
[Round "4.14"]
[White "Raimbault, Samuel"]
[Black "Reynaud, Jacques"]
[Result "1-0"]
[WhiteElo "1199"]
[BlackElo "1440"]
[PlyCount "92"]
[EventDate "2013.??.??"]

1. e4 c6 2. d4 d5 3. exd5 cxd5 4. Bd3 Nc6 5. c3 Nf6 6. Nf3 Bg4 7. O-O e6 8. h3
Bh5 9. Re1 Be7 10. Nbd2 a5 11. Qb3 Qc7 12. Ne5 a4 13. Qc2 Nxe5 14. dxe5 Nd7 15.
Bb5 O-O 16. Bxd7 Qxd7 17. c4 Rfc8 18. a3 b5 19. b3 axb3 20. Nxb3 bxc4 21. Nd4
Bg6 22. Qd1 Bd3 23. Nb3 Qc7 24. Re3 Qb6 25. Bb2 Qxb3 26. Qxb3 cxb3 27. Rxd3
Rab8 28. Rb1 Rc2 29. a4 Bc5 30. a5 Bxf2+ 31. Kf1 Bc5 32. Rdd1 Rf2+ 33. Ke1 Rxg2
34. Rdc1 Rc2 35. a6 h5 36. Kd1 Ra8 37. Ra1 Rxb2 38. Rxc5 Ra2 39. Rxa2 bxa2 40.
Ra5 Ra7 41. Rxa2 g6 42. Kd2 Kg7 43. Kd3 g5 44. Kd4 f6 45. exf6+ Kxf6 46. Kc5
Kf5 1-0

[Event "Open Est 2013-2014"]
[Site "Salle Lakanal Aubagne"]
[Date "2013.12.21"]
[Round "4.15"]
[White "Roche, Alain"]
[Black "Mineo, Francois"]
[Result "0-1"]
[WhiteElo "1437"]
[BlackElo "1270"]
[PlyCount "72"]
[EventDate "2013.??.??"]

1. e4 e5 2. Nf3 Nc6 3. Bc4 Bc5 4. c3 d6 5. b4 Bb6 6. a4 a6 7. h3 Nf6 8. d4 O-O
9. d5 Ne7 10. Qc2 Bd7 11. O-O c6 12. Bg5 Ng6 13. Nbd2 h6 14. Bh4 Nxh4 15. Nxh4
Nh5 16. dxc6 Bxc6 17. Ng6 Re8 18. Qd1 Qg5 19. Nh8 Kxh8 20. Bxf7 Nf4 21. Qf3 Rf8
22. b5 Bd7 23. bxa6 bxa6 24. Rab1 Rxf7 25. g4 Bc5 26. Nc4 Be6 27. Ne3 Nd3 28.
Nf5 Bxf5 29. exf5 Raf8 30. Qxd3 Rxf5 31. Rb2 Rf3 32. Qc4 Rxh3 33. Qe4 Rh4 34.
Qd3 Rxg4+ 35. Kh2 Qh5+ 36. Qh3 Rh4 0-1

[Event "Open Est 2013-2014"]
[Site "Salle Lakanal Aubagne"]
[Date "2013.12.21"]
[Round "4.17"]
[White "Gauci Schacre, Jeremy"]
[Black "Moerenhout, Jean Claude"]
[Result "1-0"]
[WhiteElo "1140"]
[BlackElo "1410"]
[PlyCount "165"]
[EventDate "2013.??.??"]

1. e4 c5 2. Nf3 d6 3. Bc4 Nf6 4. d3 g6 5. c3 Bg7 6. Be3 O-O 7. h3 Nc6 8. Nbd2
Bd7 9. Rb1 a6 10. a4 Na5 11. b4 Nxc4 12. dxc4 cxb4 13. cxb4 Qc7 14. O-O Qc8 15.
Kh2 Qc7 16. Kg1 Rfd8 17. a5 Be6 18. Bb6 Qd7 19. Bxd8 Rxd8 20. Ng5 Bxh3 21. Nxh3
Nh5 22. Qf3 Qe6 23. Ng5 Qf6 24. Qxf6 Nxf6 25. Rbd1 Bh6 26. Ndf3 Ng4 27. e5 Nxe5
28. Nxe5 Bxg5 29. f4 Bf6 30. g4 Rc8 31. Nd7 Bc3 32. Nb6 Rc6 33. Nd5 Rxc4 34.
Nxe7+ Kg7 35. Rxd6 Bxb4 36. Rd7 Bc5+ 37. Kh1 Rc3 38. Rxb7 Re3 39. Nd5 Ra3 40.
Rc7 Rxa5 41. Rc6 Bd4 42. Nb4 h5 43. Rxa6 Rb5 44. Nc6 Be3 45. Ra5 Rb6 46. Ne5 h4
47. Re1 Bxf4 48. Rf1 Bxe5 49. Rxe5 Rf6 50. Rxf6 Kxf6 51. Ra5 g5 52. Ra6+ Ke5
53. Ra5+ Kf4 54. Rf5+ Kxg4 55. Rxf7 Kg3 56. Rg7 g4 57. Rg8 h3 58. Rg7 Kh4 59.
Kh2 Kh5 60. Kg3 h2 61. Rh7+ Kg5 62. Rxh2 Kf5 63. Rh4 Ke4 64. Rxg4+ Kd5 65. Kf3
Ke5 66. Ke3 Kd5 67. Rh4 Ke6 68. Rh5 Kd6 69. Ke4 Kc6 70. Kd4 Kb6 71. Kc4 Ka6 72.
Rh6+ Ka5 73. Rh4 Kb6 74. Rh5 Ka6 75. Kb4 Kb7 76. Kc5 Kc7 77. Rh7+ Kd8 78. Kd6
Ke8 79. Re7+ Kf8 80. Ke6 Kg8 81. Kf6 Kh8 82. Kg6 Kg8 83. Re8# 1-0

[Event "Open Est 2013-2014"]
[Site "Salle Lakanal Aubagne"]
[Date "2013.12.21"]
[Round "4.20"]
[White "Gomez, Guy"]
[Black "Lognos, Lina"]
[Result "0-1"]
[WhiteElo "1662"]
[BlackElo "1167"]
[PlyCount "38"]
[EventDate "2013.??.??"]

1. e4 c5 2. Nf3 d6 3. Bc4 Nf6 4. Nc3 Nc6 5. a3 a6 6. d4 cxd4 7. Nxd4 g6 8. Bg5
e6 9. f3 Bg7 10. O-O O-O 11. Kh1 Re8 12. Qd2 Nxd4 13. Qxd4 h6 14. Bh4 b5 15.
Ba2 e5 16. Qd2 Be6 17. Bxf6 Qxf6 18. Qxd6 Bxa2 19. Rxa2 Qxd6 0-1

[Event "Open Est 2013-2014"]
[Site "Salle Lakanal Aubagne"]
[Date "2013.12.??"]
[Round "4.21"]
[White "Cotton, Paul"]
[Black "Periale, Albert"]
[Result "1-0"]
[WhiteElo "1400"]
[BlackElo "1340"]
[PlyCount "77"]
[EventDate "2013.??.??"]

1. Nf3 d5 2. g3 g6 3. c4 d4 4. d3 Nc6 5. Bg2 Bg7 6. O-O e5 7. Na3 Nge7 8. Nc2
O-O 9. a3 a6 10. Rb1 Rb8 11. b4 b5 12. c5 Bd7 13. e3 Nd5 14. Bb2 dxe3 15. Nxe3
Nxe3 16. fxe3 Re8 17. Bc3 e4 18. Bxg7 exf3 19. Qxf3 Kxg7 20. Qxf7+ Kh8 21. Qf2
Qe7 22. Qb2+ Kg8 23. Bd5+ Be6 24. Bxc6 Rf8 25. Qe5 Rf5 26. Rxf5 gxf5 27. Rf1
Rf8 28. Rf4 Rf6 29. d4 Rf7 30. d5 Bc8 31. Qxe7 Rxe7 32. Kf2 Kg7 33. h4 h5 34.
Rd4 Bd7 35. Bxd7 Rxd7 36. d6 c6 37. Kf3 Kf6 38. Kf4 Kg6 39. Ke5 1-0

[Event "Open Est 2013-2014"]
[Site "Salle Lakanal Aubagne"]
[Date "2013.12.21"]
[Round "4.22"]
[White "Blanc, Maxime"]
[Black "San-Nicolas, Robert"]
[Result "0-1"]
[WhiteElo "1199"]
[BlackElo "1570"]
[PlyCount "52"]
[EventDate "2013.??.??"]

1. c4 c5 2. Nc3 b6 3. d3 Bb7 4. Nf3 e6 5. g3 Nf6 6. Bg2 Be7 7. O-O d6 8. Bd2
O-O 9. a3 a6 10. b4 Nbd7 11. Na2 Qc7 12. Qb3 d5 13. e3 Rfd8 14. Bc3 e5 15. Rad1
d4 16. exd4 exd4 17. Bd2 Re8 18. Bf4 Bd6 19. bxc5 Bxf4 20. gxf4 Qxf4 21. h3
Bxf3 22. Bxf3 Qxf3 23. Kh2 Re5 24. Rg1 Rh5 25. Rg3 Qxf2+ 26. Rg2 Ng4+ 0-1

[Event "Open Est 2013-2014"]
[Site "Salle Lakanal Aubagne"]
[Date "2013.12.21"]
[Round "4.23"]
[White "Garbe, Georges"]
[Black "Mallet, Philippe"]
[Result "0-1"]
[WhiteElo "1280"]
[BlackElo "1370"]
[PlyCount "142"]
[EventDate "2013.??.??"]

1. f4 e5 2. Nf3 e4 3. Ng5 Qe7 4. e3 h6 5. Nh3 d6 6. Nc3 Bxh3 7. gxh3 Qh4+ 8.
Ke2 Nf6 9. Rg1 Be7 10. d3 d5 11. Kd2 Bb4 12. Rg3 Nc6 13. d4 O-O 14. a3 Bd6 15.
Qe1 Kh8 16. Rg1 Qh5 17. Qg3 Ne8 18. Qg4 Qxg4 19. Rxg4 Nf6 20. Rg1 a6 21. Kd1
Ne7 22. Bd2 b6 23. Rg3 Nf5 24. Rg1 Rfd8 25. Kc1 c5 26. Ne2 c4 27. Nc3 Rdb8 28.
Rb1 b5 29. Nd1 a5 30. c3 b4 31. cxb4 axb4 32. axb4 Bxb4 33. Bxb4 Rxb4 34. Rg2
Rb3 35. Re2 Nd7 36. Nc3 Nb6 37. Nd1 Rb4 38. Nc3 Nc8 39. Nxd5 Rb3 40. Nc3 Ncd6
41. Nd1 Nb5 42. Bg2 Nbd6 43. Bh1 Rab8 44. Nc3 Nh4 45. Bxe4 Nb5 46. Nxb5 R8xb5
47. Rc2 Rxe3 48. Bd5 Rxd5 49. Rd2 c3 50. bxc3 Rxc3+ 51. Kd1 Rxh3 52. Rc1 Nf3
53. Rc3 Nxd2 54. Rxh3 Rxd4 55. Kc2 Nf1 56. Rh4 Rd2+ 57. Kc1 Rxh2 58. Rxh2 Nxh2
59. Kd1 f5 60. Ke2 Ng4 61. Kf3 Kh7 62. Kg3 g5 63. fxg5 hxg5 64. Kf3 Kh6 65. Kg3
Kh5 66. Kh3 f4 67. Kg2 Kh4 68. Kf3 Kh3 69. Ke4 Kg3 70. Kf5 f3 71. Kxg5 f2 0-1

[Event "Open Est 2013-2014"]
[Site "Salle Lakanal Aubagne"]
[Date "2013.12.21"]
[Round "4.24"]
[White "Masson, Wally"]
[Black "Hunault, Francis"]
[Result "0-1"]
[WhiteElo "1280"]
[BlackElo "1670"]
[PlyCount "44"]
[EventDate "2013.??.??"]

1. f4 e5 2. d3 d6 3. Nf3 Nc6 4. Nc3 Nf6 5. h3 Be7 6. e3 exf4 7. exf4 O-O 8. Be2
Nh5 9. Ne4 d5 10. Nf2 Ng3 11. Rg1 Re8 12. Bd2 Bf6 13. Ne5 Nxe5 14. fxe5 Rxe5
15. Ne4 dxe4 16. Bf4 Nxe2 17. Bxe5 Nxg1 18. Bh2 Bh4+ 19. Kd2 Qg5+ 20. Kc3 Qc5+
21. Kd2 Qf2+ 22. Qe2 Qxe2+ 0-1

[Event "Open Est 2013-2014"]
[Site "Salle Lakanal Aubagne"]
[Date "2013.12.21"]
[Round "4.26"]
[White "Gallo, Nicolas"]
[Black "Brongers, Claudine"]
[Result "0-1"]
[WhiteElo "1500"]
[BlackElo "1260"]
[PlyCount "104"]
[EventDate "2013.??.??"]

1. e4 e5 2. Nf3 Nc6 3. d4 d6 4. Bb5 Bd7 5. Bxc6 Bxc6 6. Nc3 f6 7. dxe5 fxe5 8.
Ng5 Bd7 9. Qd5 Qe7 10. Qxb7 Rc8 11. Nd5 Qd8 12. Qb3 Nf6 13. Nb6 Qe7 14. Nxc8
Bxc8 15. f4 h6 16. fxe5 hxg5 17. exf6 Qxe4+ 18. Qe3 Qxe3+ 19. Bxe3 gxf6 20.
Bxa7 Bb7 21. Kf2 f5 22. Bd4 Rg8 23. Rhe1+ Be4 24. a4 c5 25. Bc3 Kd7 26. Re2 d5
27. b3 Bd6 28. h3 Re8 29. Bf6 Rg8 30. c3 Rg6 31. Bh8 g4 32. hxg4 Rxg4 33. Kg1
f4 34. Raa2 f3 35. Reb2 Bf4 36. Kf1 Bd3+ 37. Kf2 fxg2 38. Ra1 Bh2 39. Kf3 Rg3+
40. Kf2 g1=Q+ 41. Rxg1 Rxg1 42. Ke3 Rg3+ 43. Kf2 Be4 44. c4 Rg2+ 45. Ke3 Bg1+
46. Kf4 Bh2+ 47. Ke3 d4+ 48. Kxe4 Rxb2 49. Kd5 Bd6 50. Bxd4 cxd4 51. Kxd4 Kc6
52. Kc3 Rh2 0-1

[Event "Open Est 2013-2014"]
[Site "Salle Lakanal Aubagne"]
[Date "2013.12.21"]
[Round "4.27"]
[White "Danthier, Christophe"]
[Black "Morata, Serge"]
[Result "1-0"]
[WhiteElo "1499"]
[BlackElo "1260"]
[PlyCount "93"]
[EventDate "2013.??.??"]

1. d4 Nf6 2. Nc3 g6 3. e3 Bg7 4. Qf3 e6 5. e4 h6 6. Bb5 a6 7. Bd3 Nc6 8. Nge2
d6 9. d5 Ne5 10. Qh3 exd5 11. Qg3 Nh5 12. Qe3 d4 13. Nxd4 c5 14. Nf3 Ng4 15.
Qe2 Qa5 16. Bd2 Qd8 17. O-O-O O-O 18. Rhe1 Re8 19. g3 Ne5 20. g4 Nf6 21. g5 h5
22. gxf6 Bxf6 23. Nd5 Bg7 24. Bg5 f6 25. Nxe5 fxg5 26. Nxg6 Bf5 27. Qxh5 Bxg6
28. Qxg6 b5 29. c4 b4 30. e5 dxe5 31. Qh7+ Kf8 32. f4 gxf4 33. Qf5+ Kg8 34. Re4
Rf8 35. Qe6+ Kh8 36. Rde1 f3 37. Rxe5 Bxe5 38. Qxe5+ Kg8 39. Rg1+ Kf7 40. Qg7+
Ke6 41. Rg6+ Rf6 42. Rxf6+ Ke5 43. Rf8+ Kd6 44. Rxd8+ Rxd8 45. Qe7+ Kc6 46.
Qxd8 f2 47. Qc7# 1-0

[Event "Open Est 2013-2014"]
[Site "Salle Lakanal Aubagne"]
[Date "2013.12.21"]
[Round "4.28"]
[White "Roux, Jean-Marie"]
[Black "Rocchia, Alex"]
[Result "1-0"]
[WhiteElo "1334"]
[BlackElo "1499"]
[PlyCount "63"]
[EventDate "2013.??.??"]

1. e4 c5 2. Nf3 d6 3. Nc3 Nc6 4. Bc4 Nf6 5. d3 g6 6. Be3 Bg7 7. Qd2 O-O 8. Bh6
Ng4 9. Bxg7 Kxg7 10. h3 Nf6 11. g4 Rh8 12. O-O-O a6 13. Kb1 b5 14. Bb3 b4 15.
Ne2 a5 16. Rdg1 e6 17. h4 a4 18. Bc4 Na5 19. h5 Nxc4 20. dxc4 Nxe4 21. Qe3 Bb7
22. hxg6 Nd2+ 23. Nxd2 Bxh1 24. Rxh1 fxg6 25. Qh6+ Kf7 26. Ne4 Qg8 27. Nxd6+
Ke7 28. Ne4 Qf7 29. Qg5+ Kf8 30. f4 Qg7 31. Nxc5 a3 32. Nxe6+ 1-0

[Event "Open Est 2013-2014"]
[Site "Salle Lakanal Aubagne"]
[Date "2013.12.21"]
[Round "4.30"]
[White "Kallenberg, Hardi"]
[Black "Perez, Laurent"]
[Result "1-0"]
[WhiteElo "1470"]
[BlackElo "1099"]
[PlyCount "27"]
[EventDate "2013.??.??"]

1. e4 e5 2. d4 d6 3. dxe5 dxe5 4. Qf3 Nc6 5. Bc4 Nf6 6. Bg5 Nd4 7. Qd3 Be7 8.
Nc3 Ng4 9. Bxe7 Qxe7 10. h3 Nh6 11. O-O-O Qg5+ 12. Kb1 Qxg2 13. Nge2 Nf3 14.
Qd8# 1-0

[Event "Open Est 2013-2014"]
[Site "Salle Lakanal Aubagne"]
[Date "2013.12.??"]
[Round "4.31"]
[White "Frontera, Pierre"]
[Black "Graccione, Angele"]
[Result "1-0"]
[WhiteElo "1410"]
[BlackElo "1020"]
[PlyCount "101"]
[EventDate "2013.??.??"]

1. e4 c5 2. Bc4 e6 3. Nc3 Nf6 4. Nf3 d6 5. O-O Nc6 6. d3 h6 7. Re1 Be7 8. h3
O-O 9. a3 b6 10. Bb5 Bb7 11. Bxc6 Bxc6 12. b4 d5 13. Ne5 Rc8 14. Nxc6 Rxc6 15.
b5 Rd6 16. e5 Rd7 17. exf6 Bxf6 18. Bd2 Qc7 19. Rb1 c4 20. Rc1 Qc5 21. a4 Bd4
22. Be3 e5 23. Bxd4 Qxd4 24. Ne2 Qh4 25. Ng3 Qg5 26. Qh5 Qf4 27. Qxe5 Qg5 28.
Qxg5 hxg5 29. Nh5 Rd6 30. g4 g6 31. Ng3 f5 32. Nf1 f4 33. f3 Kg7 34. Rcd1 Rff6
35. c3 d4 36. dxc4 dxc3 37. Rxd6 Rxd6 38. Rc1 Rd3 39. Kf2 Kf6 40. Rc2 Ke5 41.
Ke2 Kd4 42. Rc1 Re3+ 43. Nxe3 fxe3 44. Rc2 Kxc4 45. Kxe3 Kb3 46. Kd3 Kb4 47.
Rxc3 Kxa4 48. Kc4 a6 49. bxa6 b5+ 50. Kc5 b4 51. Rc4 1-0

[Event "Open Est 2013-2014"]
[Site "Salle Lakanal Aubagne"]
[Date "????.??.??"]
[Round "4.32"]
[White "Monteil, Marie-Joseph"]
[Black "Evanno, Georges"]
[Result "0-1"]
[WhiteElo "1260"]
[BlackElo "1400"]
[PlyCount "118"]

1. e4 e5 2. d4 exd4 3. c3 Nc6 4. cxd4 Bb4+ 5. Nc3 Nf6 6. Qd3 Qe7 7. a3 Bxc3+ 8.
bxc3 O-O 9. Be2 d6 10. h3 a5 11. Bg5 b6 12. Nf3 Bb7 13. O-O Nb8 14. d5 Ba6 15.
c4 Nbd7 16. Qc2 Rae8 17. Bd3 Qd8 18. Nd4 Ne5 19. f4 Nxd3 20. Nc6 Qd7 21. Bxf6
Nc5 22. Bxg7 Kxg7 23. Rf3 f6 24. Rg3+ Kh8 25. Re1 Bb7 26. e5 Bxc6 27. dxc6 Qe6
28. f5 Qe7 29. Qe2 dxe5 30. Qe3 Qf7 31. Qh6 Rg8 32. Ree3 e4 33. Qh4 a4 34. Kh2
Rg7 35. Rg4 Rxg4 36. hxg4 Rg8 37. Kh3 Qf8 38. Rg3 Rg5 39. Kh2 Qe7 40. Re3 Qe5+
41. g3 Kg7 42. Kg2 h6 43. Kf1 Qd4 44. Ke2 Qxc4+ 45. Kd1 Qf1+ 46. Kc2 Qf2+ 47.
Kd1 Qxe3 48. Qh2 Rxg4 49. Qe2 Qg1+ 50. Kc2 Qxg3 51. Qxg4+ Qxg4 52. Kc3 e3 53.
Kc2 Qxf5+ 54. Kd1 Qf3+ 55. Kc2 e2 56. Kd2 Nb3+ 57. Kc2 Qe3 58. Kb2 Qd2+ 59. Kb1
e1=Q# 0-1

[Event "Open Est 2013-2014"]
[Site "Salle Lakanal Aubagne"]
[Date "2013.12.21"]
[Round "4.34"]
[White "Pegon, Claude"]
[Black "Autouard, Jean Luc"]
[Result "1-0"]
[WhiteElo "1250"]
[BlackElo "1350"]
[PlyCount "65"]
[EventDate "2013.??.??"]

1. c4 f5 2. Nc3 Nf6 3. d3 e6 4. e4 Be7 5. Nge2 O-O 6. g3 Nc6 7. Be3 Ng4 8. Bf4
e5 9. Bd2 fxe4 10. Nxe4 d5 11. cxd5 Nd4 12. Nxd4 exd4 13. Bg2 Bf5 14. O-O c6
15. h3 Nf6 16. g4 Bg6 17. f4 Nxd5 18. f5 Be8 19. g5 Ne3 20. Bxe3 dxe3 21. h4
Qd4 22. Qe2 Qe5 23. Bh3 Bd7 24. Rf3 Bxf5 25. Raf1 Bxe4 26. dxe4 Qxe4 27. Bf5
Qxh4 28. Be6+ Kh8 29. Rf5 Rxf5 30. Rxf5 g6 31. Qxe3 Rf8 32. Rxf8+ Bxf8 33. Qe5+
1-0

[Event "Open Est 2013-2014"]
[Site "Salle Lakanal Aubagne"]
[Date "2013.12.21"]
[Round "4.36"]
[White "Pietrac, Christian"]
[Black "Vicari-Vento, Salvatore"]
[Result "0-1"]
[WhiteElo "1271"]
[BlackElo "1574"]
[PlyCount "98"]
[EventDate "2013.??.??"]

1. d4 d6 2. c4 Nf6 3. Nc3 g6 4. e4 Bg7 5. Bg5 O-O 6. Qd2 Re8 7. Bh6 e5 8. d5 c6
9. Be2 Na6 10. Bxg7 Kxg7 11. h4 Nc5 12. f3 Nh5 13. b4 Nd7 14. Kf2 Qb6+ 15. c5
dxc5 16. Na4 Qxb4 17. Qxb4 cxb4 18. Nh3 h6 19. g4 Nf4 20. Nxf4 exf4 21. Rab1
cxd5 22. Rxb4 dxe4 23. fxe4 Nf6 24. Bf3 Nxg4+ 25. Bxg4 Bxg4 26. Rg1 h5 27. Nc5
b6 28. Nd3 f3 29. Re1 Rad8 30. Re3 Re7 31. a3 f6 32. Rb2 Red7 33. Rb3 b5 34.
Ke1 a6 35. Kf2 Rc7 36. Rb2 Kh6 37. Ke1 Rc3 38. Rd2 Rxa3 39. Kf2 Rc3 40. Ke1 a5
41. Kf2 b4 42. Kg3 a4 43. Kf2 b3 44. Ke1 b2 45. Rxb2 Rcxd3 46. Rxd3 Rxd3 47.
Kf2 Rb3 48. Rd2 a3 49. Ke1 Rb2 0-1

[Event "Open Est 2013-2014"]
[Site "Salle Lakanal Aubagne"]
[Date "2013.12.21"]
[Round "4.37"]
[White "Gousseau, Michel"]
[Black "Besucco, Guy"]
[Result "0-1"]
[WhiteElo "1120"]
[BlackElo "1440"]
[PlyCount "34"]
[EventDate "2013.??.??"]

1. d4 f5 2. Nf3 Nf6 3. e3 d5 4. Nbd2 e6 5. c4 c6 6. b3 Bd6 7. Bb2 O-O 8. Bd3
Nbd7 9. O-O b6 10. Ng5 Qe8 11. f4 h6 12. Qf3 hxg5 13. fxg5 Ne4 14. Nxe4 fxe4
15. Qe2 exd3 16. Qxd3 Qh5 17. g6 Qxh2# 0-1

[Event "Open Est 2013-2014"]
[Site "Salle Lakanal Aubagne"]
[Date "2013.12.21"]
[Round "4.38"]
[White "Renoulet, Francoise"]
[Black "Ralijaona, Gabriela"]
[Result "0-1"]
[WhiteElo "1499"]
[BlackElo "1070"]
[PlyCount "44"]
[EventDate "2013.??.??"]

1. c4 e5 2. Nc3 Nf6 3. d3 Bb4 4. Nf3 Nc6 5. g3 d6 6. Bg2 Nd4 7. O-O Nxf3+ 8.
exf3 O-O 9. Bd2 Be6 10. Re1 Bc5 11. Qe2 Qd7 12. a4 Bh3 13. g4 Bxg2 14. Kxg2 e4
15. fxe4 Nxg4 16. f3 Nf2 17. Reb1 Qh3+ 18. Kg1 Ng4+ 19. d4 Bxd4+ 20. Be3 Bxe3+
21. Qxe3 Nxe3 22. b4 Qg2# 0-1

[Event "Open Est 2013-2014"]
[Site "Salle Lakanal Aubagne"]
[Date "2013.12.21"]
[Round "4.39"]
[White "Periale, Francine"]
[Black "Sannejan, Thomas"]
[Result "1-0"]
[WhiteElo "1060"]
[BlackElo "1499"]
[PlyCount "39"]
[EventDate "2013.??.??"]

1. d4 e6 2. Nf3 Nc6 3. Bf4 d6 4. c3 Nf6 5. h3 Bd7 6. e3 e5 7. dxe5 Nh5 8. Bg5
Ne7 9. Bd3 h6 10. Bh4 Ng6 11. Bxd8 Kxd8 12. Nbd2 dxe5 13. e4 Nhf4 14. Bc4 Be8
15. Nb3+ Kc8 16. Qc2 f6 17. O-O-O Nxg2 18. Qd2 Bd7 19. Be6 N6f4 20. Qxd7+ 1-0